Properties of natural and synthetic rubber recycled via high-pressure high-temperature sintering (Record no. 65986)

MARC details
000 -LEADER
fixed length control field 00457nam a2200157Ia 4500
100 ## - MAIN ENTRY--AUTHOR NAME
Personal name Hrdlicka Z
245 #0 - TITLE STATEMENT
Title Properties of natural and synthetic rubber recycled via high-pressure high-temperature sintering
260 ## - PUBLICATION, DISTRIBUTION, ETC. (IMPRINT)
Name of publisher Kautschuk Gummi Kunststoffe
Year of publication 2011
300 ## - PHYSICAL DESCRIPTION
Number of Pages 22-25
650 ## - SUBJECT ADDED ENTRY--TOPICAL TERM
Topical Term Compression molding
650 ## - SUBJECT ADDED ENTRY--TOPICAL TERM
Topical Term Recycling
650 ## - SUBJECT ADDED ENTRY--TOPICAL TERM
Topical Term Rubber
650 ## - SUBJECT ADDED ENTRY--TOPICAL TERM
Topical Term Sintering
942 ## - ADDED ENTRY ELEMENTS (KOHA)
Koha item type Journals
Holdings
Withdrawn status Lost status Damaged status Not for loan Home library Current library Shelving location Date acquired Serial Enumeration / chronology Koha item type
      Journals RRII Library RRII Library Rubber technology 30/09/2011 Volume 64, Issue 9 Journals